[Event "Liberec op 15th"]
[Site "Liberec"]
[Date "2015.02.17"]
[Round "5"]
[White "Vorontsov, Gennadiy"]
[Black "Sernecki, Franciszek"]
[Result "1-0"]
[WhiteElo "1727"]
[BlackElo "1978"]
[PlyCount "94"]
[EventDate "2015.02.14"]
[EventType "swiss"]
[EventRounds "9"]
[EventCountry "CZE"]
[SourceTitle "CBM 164 Extra"]
[Source "ChessBase"]
[SourceDate "2015.03.02"]
[SourceVersion "1"]
[SourceVersionDate "2015.03.02"]
[SourceQuality "1"]

1. e4 d6 2. d4 Nf6 3. Nc3 c6 4. g3 Nbd7 5. Bg2 e5 6. Be3 Be7 7. h3 0-0 8. Nge2 a6 9. Qd2 b5 10. a3 Qc7 11. g4 Nb6 12. b3 Rd8 13. Ng3 Bd7 14. g5 Ne8 15. h4 a5 16. 0-0 b4 17. Nce2 c5 18. d5 bxa3 19. Rxa3 a4 20. Nf5 Bxf5 21. exf5 Rdb8 22. Ng3 axb3 23. Rxb3 Nc4 24. Qd3 Nb2 25. Qe2 Na4 26. f4 exf4 27. Bxf4 Rxb3 28. cxb3 Nb6 29. Re1 Bf8 30. h5 c4 31. Rc1 Nxd5 32. Be3 Nxe3 33. Bxa8 Qa7 34. Qf2 Qxa8 35. Qxe3 cxb3 36. Qxb3 d5 37. g6 hxg6 38. hxg6 Bd6 39. Qf3 Qa7+ 40. Kg2 Bxg3 41. Qxg3 Qb7 42. Re1 Nf6 43. Qd6 Qb2+ 44. Kh1 Kh8 45. Qf8+ Ng8 46. gxf7 Kh7 47. fxg8Q+ Kh6 1-0